Knowledge and the Indian Ocean : (Record no. 1783)

MARC details
000 -LEADER
fixed length control field 04501cam a22006135i 4500
001 - CONTROL NUMBER
control field data
005 - DATE AND TIME OF LATEST TRANSACTION
control field 20260322212117.0
006 - FIXED-LENGTH DATA ELEMENTS--ADDITIONAL MATERIAL CHARACTERISTICS
fixed length control field data
007 - PHYSICAL DESCRIPTION FIXED FIELD--GENERAL INFORMATION
fixed length control field data
008 - FIXED-LENGTH DATA ELEMENTS--GENERAL INFORMATION
fixed length control field data
035 ## - SYSTEM CONTROL NUMBER
System control number 21676576
010 ## - LIBRARY OF CONGRESS CONTROL NUMBER
LC control number 2019744491
020 ## - INTERNATIONAL STANDARD BOOK NUMBER
International Standard Book Number 9783319968391
024 7# - OTHER STANDARD IDENTIFIER
Standard number or code 10.1007/978-3-319-96839-1
Source of number or code doi
035 ## - SYSTEM CONTROL NUMBER
System control number (DE-He213)978-3-319-96839-1
040 ## - CATALOGING SOURCE
Original cataloging agency DLC
Language of cataloging eng
Description conventions rda
-- rda
Transcribing agency DLC
072 #7 - SUBJECT CATEGORY CODE
Subject category code HBG
Source bicssc
072 #7 - SUBJECT CATEGORY CODE
Subject category code HIS037000
Source bisacsh
072 #7 - SUBJECT CATEGORY CODE
Subject category code NHB
Source thema
082 04 - DEWEY DECIMAL CLASSIFICATION NUMBER
Classification number 909
Edition information 23
097 00 -
-- D17-24.5
245 00 - TITLE STATEMENT
Title Knowledge and the Indian Ocean :
Remainder of title Intangible Networks of Western India and Beyond /
Statement of responsibility, etc. edited by Sara Keller.
250 ## - EDITION STATEMENT
Edition statement 1st ed. 2019.
264 #1 - PRODUCTION, PUBLICATION, DISTRIBUTION, MANUFACTURE, AND COPYRIGHT NOTICE
Place of production, publication, distribution, manufacture Cham :
Name of producer, publisher, distributor, manufacturer Imprint: Palgrave Macmillan,
-- Imprint: Palgrave Macmillan,
Date of production, publication, distribution, manufacture, or copyright notice 2019.
300 ## - PHYSICAL DESCRIPTION
Extent 1 online resource (XLI, 266 pages 25 illustrations, 23 illustrations in color.)
336 ## - CONTENT TYPE
Content type term text
Content type code txt
Source rdacontent
337 ## - MEDIA TYPE
Media type term computer
Media type code c
Source rdamedia
338 ## - CARRIER TYPE
Carrier type term online resource
Carrier type code cr
Source rdacarrier
347 ## - DIGITAL FILE CHARACTERISTICS
File type text file
Encoding format PDF
Source rda
490 1# - SERIES STATEMENT
Series statement Palgrave Series in Indian Ocean World Studies
505 0# - FORMATTED CONTENTS NOTE
Formatted contents note 1. Introduction -- I. Knowledge, Science and Techniques -- 2. Places We Can Go: Some notes on sea/knowledge -- 3. Knowing the Sea: Thalassographies to Thalassology of the Indian Ocean (up to c. 1500 CE) -- 4. A Chinese Muse in the Caliph's Court - The Influence of Chinese Ceramic Technology across the Indian Ocean (8th to 14th Century CE) -- 5. Ava: A Living Tradition of Reverence for Water among the Zoroastrians -- 6. Scholars in Gujarat's Bazaars-Revisiting L'académie ambulante ("The Roving Academy") -- 7. Gujarat Ornamental Furniture: Artisans, Techniques, Skills and Global Markets during the Nineteenth Century -- 8. 'Without a Counterpart on the Globe": Geographical Knowledge and the Mapping of "Kutch" in the Nineteenth Century -- II. Skill, Migration and Identities -- 9. Gujarat Sufis, "Sants" and the Indian Ocean World in Medieval Times -- 10. Doing Well but also Doing Good? East African Indian Merchants and Their Charitable Work, c. 1850-1920 -- 11. Narratives of Transcendental Decision-Making: Seeking Health and Healing at Sufi Shrines in Gujarat -- 12. Voices of the Sidis: The Tradition of the Fakirs -- 13. Linguistic and Cultural Contributions of Gujarat in Eastern Africa -- 14. The Transnational Life and Political Philosophy of Shyamji Krishnavarma.
520 ## - SUMMARY, ETC.
Summary, etc. This volume examines Western India's contributions to the spread of ideas, beliefs and other intangible ties across the Indian Ocean world. The region, particularly Gujarat and Bombay, is well-established in the Indian imaginary and in scholarship as a mercantile hub. These essays move beyond this identity to examine the region as a dynamic place of learning and a host of knowledge, tracing the flow of knowledge, aesthetic sensibilities, values, memories and genetic programs. Contributors traverse the fields of history, anthropology, agriculture, botany, medicine, sociology and more to offer path-breaking perspectives on Western India's deep socio-cultural impact across the centuries. Western India emerges as a pivotal region in the maritime world as a transmitter of knowledge.
588 ## - SOURCE OF DESCRIPTION NOTE
Source of description note Description based on publisher-supplied MARC data.
650 #0 - SUBJECT ADDED ENTRY--TOPICAL TERM
Topical term or geographic name entry element Africa-History.
650 #0 - SUBJECT ADDED ENTRY--TOPICAL TERM
Topical term or geographic name entry element Asia-History.
650 #0 - SUBJECT ADDED ENTRY--TOPICAL TERM
Topical term or geographic name entry element Civilization-History.
650 #0 - SUBJECT ADDED ENTRY--TOPICAL TERM
Topical term or geographic name entry element Social history.
650 #0 - SUBJECT ADDED ENTRY--TOPICAL TERM
Topical term or geographic name entry element World history.
650 14 - SUBJECT ADDED ENTRY--TOPICAL TERM
Topical term or geographic name entry element World History, Global and Transnational History.
Authority record control number or standard number https://scigraph.springernature.com/ontologies/product-market-codes/719000
650 24 - SUBJECT ADDED ENTRY--TOPICAL TERM
Topical term or geographic name entry element African History.
Authority record control number or standard number https://scigraph.springernature.com/ontologies/product-market-codes/714000
650 24 - SUBJECT ADDED ENTRY--TOPICAL TERM
Topical term or geographic name entry element Asian History.
Authority record control number or standard number https://scigraph.springernature.com/ontologies/product-market-codes/715000
650 24 - SUBJECT ADDED ENTRY--TOPICAL TERM
Topical term or geographic name entry element Cultural History.
Authority record control number or standard number https://scigraph.springernature.com/ontologies/product-market-codes/723000
650 24 - SUBJECT ADDED ENTRY--TOPICAL TERM
Topical term or geographic name entry element Social History.
Authority record control number or standard number https://scigraph.springernature.com/ontologies/product-market-codes/724000
700 1# - ADDED ENTRY--PERSONAL NAME
Personal name Keller, Sara.
Relator term editor.
776 08 - ADDITIONAL PHYSICAL FORM ENTRY
Relationship information Print version:
Title Knowledge and the Indian Ocean.
International Standard Book Number 9783319968384
Record control number (DLC) 2018949832
776 08 - ADDITIONAL PHYSICAL FORM ENTRY
Relationship information Printed edition:
International Standard Book Number 9783030072605
776 08 - ADDITIONAL PHYSICAL FORM ENTRY
Relationship information Printed edition:
International Standard Book Number 9783319968384
776 08 - ADDITIONAL PHYSICAL FORM ENTRY
Relationship information Printed edition:
International Standard Book Number 9783319968407
830 #0 - SERIES ADDED ENTRY--UNIFORM TITLE
Uniform title Palgrave Series in Indian Ocean World Studies
906 ## - LOCAL DATA ELEMENT F, LDF (RLIN)
a 0
b ibc
c origres
d u
e ncip
f 20
g y-gencatlg
925 0# -
-- acquire
-- pcnspringer
-- policy default
985 ## -
-- springerpcn
991 ## -
-- s-Online
-- Electronic Resource
Holdings
Withdrawn status Lost status Damaged status Not for loan Home library Current library Shelving location Date acquired Total checkouts Full call number Barcode Date last seen Price effective from Koha item type
        Franklin Franklin General stacks 22/03/2026   909 LOC-FRL-00019 22/03/2026 22/03/2026 Books